00662nam a2200193 i 45000010005000000030009000050050017000140080041000310200018000720800019000901000027001092450083001362600032002193000028002517000030002798520022003099990015003319520122003469995ES-MaACL20230906145810.0940720s1993 xxk ||||1| eng d a0-330-31317-7 a821.111-31"19"1 aLowry, Malcolm.97439110aUnder the volcano / cMalcolm Lowry ; with an introduction by Stephen Spender. aLondon : bPicador, c1993. aXXVI, 375 p. ; c20 cm.1 aSpender, Stephen.9107690 aES-MaACLjL-17503 c9995d9995 00104070aATENEOMbATENEOMcDEPO2d2008-01-17eSCl0oL-17503p1010202r2023-02-23 00:00:00w2023-02-23yMONOGRAFIA